00695 2200169 4500245005900000020001800059250001100077100001900088700001900107005001900126260004100145041001400186084001200200300002300212500028100235336000900516 aHiduplah Anakku Ibu MendampingimucMichiyo InouehText a979-20-9081-9 aCet. 1 aInoue, Michiyo aTiwuk Ikhtiari a20230927091552 aJakartabElex Media Komputindoc2006 aIndonesia a920.008 a183 hlm. :cillus. a"Maafkan ya, Nak. Maafkan Ibu, yang melahirkan kamu begini kecil." Hanya itu yang bisa kuucapkan sambil menahan air mata yang terus mengalir. Saat pertama kali melihat bayi kecilku tertidur lemah di dalam inkubator, hatiku mengatakan inilah hadiah terindah dari Tuhan untukku. atext